[Event "European Rapid 2022"]
[Site "Katowice POL"]
[Date "2022.12.17"]
[Round "6.77"]
[White "Jarmula, Lukasz"]
[Black "Szczurek, Krzysztof"]
[Result "1/2-1/2"]
[WhiteTitle "GM"]
[BlackTitle "FM"]
[WhiteElo "2469"]
[BlackElo "2163"]
[WhiteFideId "1160664"]
[BlackFideId "1185489"]
[EventDate "2022.12.17"]

1. e4 c5 2. Nf3 d6 3. Bb5+ Bd7 4. c4 Nf6 5. Nc3 Nc6 6. O-O g6 7. Bxc6 Bxc6 8. d4
cxd4 9. Nxd4 Bg7 10. Qd3 O-O 11. b3 a6 12. Bb2 Qd7 13. Nd5 Rad8 14. Nxc6 bxc6
15. Nxf6+ Bxf6 16. Bxf6 exf6 17. Rad1 Qe6 18. Rfe1 Qe5 19. Qe3 f5 20. exf5 Qxf5
21. Qb6 Qd7 22. c5 d5 23. Qxa6 Ra8 24. Qe2 Qa7 25. h4 h5 26. g4 hxg4 27. Qxg4
Qxc5 28. Rc1 Qd6 29. a4 Rab8 30. Re3 Rfe8 31. Rce1 Rxe3 32. Rxe3 d4 33. Rd3 c5
34. h5 Kg7 35. Qg5 Rh8 36. Rh3 Qe6 37. h6+ Kh7 38. Rf3 f5 39. Qf4 Re8 40. Rg3
Qe1+ 41. Kh2 Qe5 42. Qg5 Qd6 43. Qd2 Rb8 44. Kg2 Qd5+ 45. Kh2 Rxb3 46. Rxb3 Qxb3
47. a5 Qb8+ 48. Kg1 f4 49. Qa2 d3 50. a6 Kxh6 51. a7 Qa8 52. Qf7 Kg5 53. Qe7+
Kh6 54. Qh4+ Kg7 55. Qe7+ Kh6 1/2-1/2

[Event "European Rapid 2022"]
[Site "Katowice POL"]
[Date "2022.12.17"]
[Round "6.78"]
[White "Kumor, Lukasz"]
[Black "Grinev, Valeriy"]
[Result "1/2-1/2"]
[BlackTitle "IM"]
[WhiteElo "2052"]
[BlackElo "2425"]
[WhiteFideId "1120573"]
[BlackFideId "14117517"]
[EventDate "2022.12.17"]

1. e4 c5 2. Nf3 Nc6 3. d4 cxd4 4. Nxd4 g6 5. c4 Bg7 6. Be3 Nf6 7. Nc3 O-O 8. Be2
d6 9. O-O Bd7 10. Rc1 Nxd4 11. Bxd4 Bc6 12. f4 Qa5 13. Bf3 Rad8 14. Qe1 Rfe8 15.
Qf2 b6 16. e5 dxe5 17. fxe5 Rxd4 18. Bxc6 Rxc4 19. Bxe8 Qxe5 20. Rce1 Qd6 21.
Bb5 Rg4 22. h3 Kh8 23. hxg4 Nxg4 24. Qf4 Qc5+ 25. Rf2 h5 26. Rf1 Bd4 27. Qxf7
Qe5 28. Qf8+ Kh7 29. Qf7+ Kh8 30. Qf8+ Kh7 31. Qf7+ Kh6 32. Qf8+ Kg5 33. Ne4+
Qxe4 34. Qf3 Qe5 35. g3 Be3 36. Kg2 Qxb5 37. Re2 Qc5 38. Rd1 e5 39. Rde1 Bd4 40.
b3 a5 41. Qe4 Qc3 42. Qf3 Qc5 43. Qe4 Qc3 44. Qf3 Qc5 45. Qe4 Qc3 1/2-1/2

[Event "European Rapid 2022"]
[Site "Katowice POL"]
[Date "2022.12.17"]
[Round "6.79"]
[White "Langheinrich, Ferenc"]
[Black "Sidletskyi, Ivan"]
[Result "1/2-1/2"]
[WhiteTitle "IM"]
[WhiteElo "2381"]
[BlackElo "2152"]
[WhiteFideId "4641973"]
[BlackFideId "14156024"]
[EventDate "2022.12.17"]

1. e4 e6 2. d4 d5 3. exd5 exd5 4. Bd3 Nf6 5. h3 c5 6. Nf3 Nc6 7. O-O c4 8. Be2
Be7 9. b3 cxb3 10. axb3 O-O 11. c4 Bf5 12. Nc3 Nb4 13. Ra3 Ne4 14. Bb2 a5 15.
Re1 Nxc3 16. Bxc3 Nc2 17. Ra2 Nxe1 18. Qxe1 b6 19. Ne5 Rc8 20. Bf3 Be6 21. Re2
Bf6 22. Bb2 Re8 23. Nc6 Qd7 24. Ne5 Bxe5 25. Rxe5 f6 26. Re3 Bf7 27. Bg4 f5 28.
Bf3 Rxe3 29. Qxe3 Re8 30. Qc3 Qe7 31. Kh2 Qb4 32. Qc2 dxc4 33. d5 Qxb3 34. Qd2
Qd3 35. Qf4 Bxd5 36. Qc7 Bf7 37. Qxb6 c3 38. Bc1 Qd8 39. Qc5 Qb8+ 40. g3 Qe5 41.
Qc6 Qe1 42. Be3 Rd8 43. Qb6 Rc8 44. Qxa5 Qb1 45. Qe5 Qb8 46. Qxf5 c2 47. Bc1 Qc7
48. Kg2 Bg6 49. Qg5 Rf8 50. h4 Qc3 51. Bd5+ Bf7 52. Bf3 Be6 53. Bb7 Qf6 54. Qe3
Bf5 55. Bd5+ Kh8 56. h5 Qd6 57. Bf3 Qd3 58. Qe7 Bh3+ 59. Kxh3 Qxf3 60. h6 Qh5+
61. Kg2 Qf3+ 62. Kh3 Qh5+ 63. Kg2 Qd5+ 64. Kh3 Qh5+ 65. Kg2 Qd5+ 66. Kh3 1/2-1/2

[Event "European Rapid 2022"]
[Site "Katowice POL"]
[Date "2022.12.17"]
[Round "6.80"]
[White "Galuszka, Tomasz"]
[Black "Haydon, David L"]
[Result "0-1"]
[BlackTitle "FM"]
[WhiteElo "2184"]
[BlackElo "2289"]
[WhiteFideId "21816409"]
[BlackFideId "415405"]
[EventDate "2022.12.17"]

1. e4 c6 2. Nf3 d5 3. d3 Bg4 4. h3 Bxf3 5. Qxf3 e6 6. Qg3 Nf6 7. Nc3 Nbd7 8. Bd2
a6 9. Be2 g6 10. O-O Bg7 11. Bg5 Qb6 12. Rab1 Qa5 13. b4 Qb6 14. Na4 Qa7 15.
exd5 cxd5 16. Bxf6 Bxf6 17. c4 b5 18. Nb2 dxc4 19. dxc4 bxc4 20. Nxc4 O-O 21.
Na5 Rac8 22. Qd3 Nb8 23. Rbc1 Bd4 24. Rxc8 Rxc8 25. Nb3 Bf6 26. Nc5 a5 27. Ne4
Be7 28. b5 Nd7 29. Bf3 Ne5 30. Qe2 a4 31. Rb1 Qb6 32. g3 Rd8 33. Bg2 Rd4 34. Ng5
Nc4 35. Nf3 Na3 36. Nxd4 Nxb1 37. Qc4 Bc5 38. Nf3 Bxf2+ 39. Kh2 Qb8 40. Qxa4
Bxg3+ 41. Kh1 Qc7 42. Qa8+ Kg7 43. Qc6 Qa5 44. b6 Qxa2 45. b7 Qb2 46. Ng1 Nc3
47. Qf3 Bb8 48. Qd3 Qb4 49. Qf3 Nd5 0-1

[Event "European Rapid 2022"]
[Site "Katowice POL"]
[Date "2022.12.17"]
[Round "6.81"]
[White "Gaponenko, Inna"]
[Black "Trushko, Andrii"]
[Result "1/2-1/2"]
[WhiteTitle "IM"]
[WhiteElo "2341"]
[BlackElo "2006"]
[WhiteFideId "14101181"]
[BlackFideId "14172887"]
[EventDate "2022.12.17"]

1. e4 c6 2. d4 d5 3. exd5 cxd5 4. c4 Nf6 5. Nc3 e6 6. Nf3 Be7 7. cxd5 exd5 8.
Bd3 Bg4 9. Qa4+ Nc6 10. Ne5 Bd7 11. Bb5 Qc7 12. Bf4 Bd6 13. O-O O-O 14. Rfe1 a6
15. Bxc6 Bxc6 16. Qb3 Rfe8 17. Bg3 Rad8 18. Rac1 h6 19. a3 Nh5 20. Nxd5 Bxd5 21.
Qxd5 Bxe5 22. Rxc7 Rxd5 23. dxe5 Rb5 24. b4 a5 25. bxa5 Rxa5 26. Rxb7 Rxa3 27.
Rb2 g5 28. f3 Ng7 29. Bf2 Ne6 30. h4 Ra4 31. hxg5 hxg5 32. Rd1 Raa8 33. Be3 Kg7
34. Kf2 Kg6 35. Rd7 Reb8 36. Rbd2 Rd8 37. Rxd8 Rxd8 38. Rxd8 Nxd8 39. g4 Nc6 40.
f4 gxf4 41. Bxf4 f5 42. Kg3 fxg4 43. Kxg4 Kf7 44. Kf5 Nd4+ 45. Ke4 Ne6 46. Be3 1/2-1/2

[Event "European Rapid 2022"]
[Site "Katowice POL"]
[Date "2022.12.17"]
[Round "6.82"]
[White "Kjartansson, Gudmundur"]
[Black "Agafonov, Yuri Dr"]
[Result "1-0"]
[WhiteTitle "GM"]
[WhiteElo "2453"]
[BlackElo "2077"]
[WhiteFideId "2301318"]
[BlackFideId "11602104"]
[EventDate "2022.12.17"]

1. c4 e5 2. g3 c6 3. d4 d6 4. Nc3 Nf6 5. Bg2 Be7 6. e4 exd4 7. Qxd4 Qb6 8. Qd2
Be6 9. b3 Nbd7 10. Nge2 Ne5 11. Qc2 Bg4 12. Be3 Qc7 13. Ng1 O-O 14. h3 Bd7 15.
f4 Ng6 16. Nge2 Qc8 17. g4 Nh4 18. Ng3 Re8 19. g5 Nd5 20. exd5 Bd8 21. Be4 f5
22. gxf6 Bxf6 23. O-O-O b5 24. Nh5 bxc4 25. Nxf6+ gxf6 26. Rhg1+ Kh8 27. Bd4 Rf8
28. dxc6 cxb3 29. axb3 Bxc6 30. Bxc6 Qxc6 31. Nd5 Qxc2+ 32. Kxc2 Rac8+ 33. Kb2
Ng6 34. Bxf6+ 1-0

[Event "European Rapid 2022"]
[Site "Katowice POL"]
[Date "2022.12.17"]
[Round "6.83"]
[White "Petrovskyi, Vadym"]
[Black "Wilk, Igor"]
[Result "1-0"]
[WhiteTitle "FM"]
[WhiteElo "2402"]
[BlackElo "2030"]
[WhiteFideId "14165210"]
[BlackFideId "21831580"]
[EventDate "2022.12.17"]

1. e4 e5 2. Nf3 Nc6 3. Bb5 a6 4. Ba4 Nf6 5. O-O b5 6. Bb3 Be7 7. Re1 d6 8. c3
O-O 9. h3 Nb8 10. d4 Nbd7 11. Nbd2 Bb7 12. Bc2 c5 13. Nf1 Re8 14. d5 Bf8 15. a4
g6 16. N1h2 c4 17. Bg5 Qc7 18. Qd2 Bg7 19. Nf1 Nc5 20. Ng3 Qd7 21. a5 Qc7 22.
Nh2 Bc8 23. Rf1 Rf8 24. f4 exf4 25. Bxf4 Ne8 26. h4 Nd7 27. Nf3 Ne5 28. Nxe5
dxe5 29. Be3 Nd6 30. h5 f5 31. exf5 gxf5 32. h6 f4 33. Bb6 Qe7 34. hxg7 Qxg7 35.
Bc5 Rd8 36. Nh5 Qg5 37. Nxf4 exf4 38. Qxf4 Qxf4 39. Rxf4 Nb7 40. Bd4 Rxd5 41.
Raf1 Be6 42. R1f3 Rg5 43. Be4 Rb8 44. Bxb7 1-0

[Event "European Rapid 2022"]
[Site "Katowice POL"]
[Date "2022.12.17"]
[Round "6.84"]
[White "Karolczuk, Iwo"]
[Black "Shpanko, Nadiia"]
[Result "1-0"]
[WhiteTitle "FM"]
[BlackTitle "WIM"]
[WhiteElo "2327"]
[BlackElo "2164"]
[WhiteFideId "21816972"]
[BlackFideId "14132400"]
[EventDate "2022.12.17"]

1. Nf3 d5 2. g3 Bg4 3. Bg2 Nd7 4. d4 e6 5. O-O h6 6. c4 c6 7. Nfd2 Ngf6 8. Nc3
Be7 9. h3 Bh5 10. Re1 O-O 11. b3 dxc4 12. Nxc4 Nd5 13. Bd2 Bf6 14. Ne4 Bxd4 15.
Rc1 Bb6 16. g4 Bg6 17. Ned6 Qh4 18. Nxb6 N7xb6 19. Nxb7 f5 20. f3 fxg4 21. hxg4
Rab8 22. Nc5 e5 23. e4 Nf6 24. Qe2 Rfd8 25. Be3 Bf7 26. Qf2 Qxf2+ 27. Kxf2 Rbc8
28. Rc2 Nfd7 29. Nb7 Rf8 30. Nd6 Rc7 31. Rec1 Nf6 32. Ke1 h5 33. g5 Nfd7 34.
Nxf7 Kxf7 35. Rxc6 Rxc6 36. Rxc6 Ra8 37. g6+ Kf8 38. Bh3 Rd8 39. a4 Ke7 40. Bg5+
Nf6 41. Re6+ Kf8 42. a5 Nbd7 43. Rd6 Ke7 44. Rxd7+ Rxd7 45. Bxd7 1-0

[Event "European Rapid 2022"]
[Site "Katowice POL"]
[Date "2022.12.17"]
[Round "6.85"]
[White "Szewczyk, Mariusz2"]
[Black "Dobrovoljc, Vid"]
[Result "0-1"]
[BlackTitle "FM"]
[WhiteElo "2094"]
[BlackElo "2384"]
[WhiteFideId "1147579"]
[BlackFideId "14609843"]
[EventDate "2022.12.17"]

1. e4 e6 2. d4 d5 3. exd5 exd5 4. Nf3 Nc6 5. Bd3 Bd6 6. O-O Nge7 7. h3 Bf5 8.
Bxf5 Nxf5 9. Re1+ Nfe7 10. Nc3 Bb4 11. Bd2 Bxc3 12. Bxc3 Qd6 13. Qd2 O-O 14. Ne5
Rfe8 15. Nxc6 Nxc6 16. Rxe8+ Rxe8 17. Re1 Rxe1+ 18. Qxe1 Kf8 19. a3 Qd7 20. Qe3
f6 21. Qd3 g6 22. Bd2 Nd8 23. c4 Kg7 24. Qb3 dxc4 25. Qxc4 c6 26. Bc3 Ne6 27.
Kf1 g5 28. Qb4 Nf4 29. Bd2 Nd5 30. Qb3 b6 31. Qd3 Nc7 32. Qe4 Qe6 33. Qxe6 Nxe6
34. Bc3 Kg6 35. g3 h5 36. Ke2 Kf5 37. Kf3 g4+ 38. hxg4+ hxg4+ 39. Ke3 Nc7 40.
Kd3 b5 41. Bb4 Nd5 42. Bd6 Ke6 43. Bc5 a6 44. Bf8 Nb6 45. b3 Kd5 46. Bb4 Nd7 47.
Ke3 Ke6 48. Kf4 f5 49. Ke3 Nf6 50. Ba5 Ne4 51. Be1 Ng5 52. Bc3 Nh3 53. Be1 Kd6
54. Bd2 Kd5 55. Bb4 Ng5 56. Be1 Ne4 57. Kf4 Ke6 58. Ke3 c5 59. dxc5 Nxc5 60. b4
Ne4 61. Kf4 Nd6 62. Bd2 Nc4 63. Bc1 Ne5 64. Ke3 Kd5 65. Ke2 Ke4 66. Bb2 Nc4 67.
Bc1 Ne5 68. Bb2 Nd3 69. Bf6 f4 70. gxf4 Nxf4+ 71. Kf1 Kf3 72. Bd4 Ne6 73. Bb6
Ng5 74. Ke1 Ne4 75. Bd4 Nd6 76. Bb2 Nc4 77. Bc1 Ne5 78. Kf1 Nd3 79. Be3 g3 80.
Bb6 g2+ 81. Kg1 Nf4 0-1

[Event "European Rapid 2022"]
[Site "Katowice POL"]
[Date "2022.12.17"]
[Round "6.86"]
[White "Paehtz, Thomas"]
[Black "Herega, Nejc"]
[Result "1-0"]
[WhiteTitle "GM"]
[WhiteElo "2339"]
[BlackElo "2164"]
[WhiteFideId "4611349"]
[BlackFideId "14634058"]
[EventDate "2022.12.17"]

1. e4 c5 2. Nf3 d6 3. Bb5+ Bd7 4. Bxd7+ Nxd7 5. c4 Ngf6 6. Nc3 e6 7. O-O Be7 8.
b3 Rc8 9. Bb2 a6 10. d4 cxd4 11. Qxd4 O-O 12. Rad1 Qc7 13. Rfe1 Rfd8 14. Qe3 Ne5
15. Nd4 Nfd7 16. Qg3 Bf6 17. Kh1 Nb6 18. f4 Nc6 19. Nxc6 Qxc6 20. e5 dxe5 21.
Ne4 Rxd1 22. Nxf6+ Kh8 23. Rxd1 gxf6 24. Qh4 Nd7 25. Rxd7 Qxd7 26. Qxf6+ Kg8 27.
Qg5+ 1-0

[Event "European Rapid 2022"]
[Site "Katowice POL"]
[Date "2022.12.17"]
[Round "6.87"]
[White "Dwilewicz, Katarzyna"]
[Black "Plaskan, Jure"]
[Result "0-1"]
[WhiteTitle "WFM"]
[WhiteElo "2123"]
[BlackElo "2241"]
[WhiteFideId "1148486"]
[BlackFideId "14605252"]
[EventDate "2022.12.17"]

1. e4 c5 2. Nf3 e6 3. d4 cxd4 4. Nxd4 a6 5. Nc3 b5 6. Bd3 Qb6 7. Nb3 Qc7 8. O-O
Bb7 9. Re1 d6 10. Qg4 Nd7 11. f4 b4 12. Nd1 Ngf6 13. Qg3 h5 14. Nf2 Be7 15. Bd2
a5 16. Nd4 Nc5 17. Qxg7 Rg8 18. Bb5+ Ncd7 19. Qh6 O-O-O 20. f5 e5 21. Nf3 Nc5
22. Bd3 d5 23. exd5 e4 24. Nxe4 Ncxe4 25. Bxe4 Ng4 26. Qf4 Bd6 27. Ne5 Bxe5 28.
d6 Qc5+ 29. Be3 Nxe3 30. Bxb7+ Kxb7 31. Qe4+ Kb8 32. Kh1 Ng4 33. Re2 Rxd6 34.
Rf1 Rd4 35. Qf3 Rf4 0-1

[Event "European Rapid 2022"]
[Site "Katowice POL"]
[Date "2022.12.17"]
[Round "6.88"]
[White "Cano Sevilla, Ivan"]
[Black "Molenda, Marcin"]
[Result "0-1"]
[BlackTitle "FM"]
[WhiteElo "2027"]
[BlackElo "2381"]
[WhiteFideId "32043546"]
[BlackFideId "1173065"]
[EventDate "2022.12.17"]

1. d4 d5 2. Bf4 c5 3. e3 Nc6 4. c3 Qb6 5. Nd2 Qxb2 6. Ne2 c4 7. Rb1 Qa3 8. Qc2
Nf6 9. e4 e6 10. e5 Nd7 11. h4 Rb8 12. g3 b5 13. Bg2 b4 14. Nxc4 Qa6 15. Ne3
bxc3 16. Rxb8 Ndxb8 17. O-O Be7 18. Qxc3 Qxe2 19. Rb1 O-O 20. Bf1 Qxa2 21. Ra1
Bb4 22. Qc1 Qd2 23. Qb1 Qxd4 24. Nc2 Qc3 25. Ra4 a5 26. Bb5 Ba6 27. Qd1 0-1

[Event "European Rapid 2022"]
[Site "Katowice POL"]
[Date "2022.12.17"]
[Round "6.89"]
[White "Jonsson, Gauti Pall"]
[Black "Madan, Augustin"]
[Result "1/2-1/2"]
[BlackTitle "IM"]
[WhiteElo "2045"]
[BlackElo "2292"]
[WhiteFideId "2309092"]
[BlackFideId "1210327"]
[EventDate "2022.12.17"]

1. e4 c5 2. Nf3 d6 3. d4 cxd4 4. Nxd4 Nf6 5. f3 e5 6. Nb3 d5 7. Bg5 Be6 8. exd5
Qxd5 9. Nc3 Bb4 10. Bxf6 Qxd1+ 11. Rxd1 gxf6 12. Bb5+ Nd7 13. O-O Bxc3 14. bxc3
a6 15. Bxd7+ Bxd7 16. Rd6 Ke7 17. Rfd1 Bc6 18. Na5 Rhd8 19. Rxd8 Rxd8 20. Rxd8
Kxd8 21. Kf2 Kc7 22. Ke3 f5 23. g3 h5 24. f4 f6 25. fxe5 fxe5 26. Nc4 Bd5 27.
Nxe5 Bxa2 28. c4 Kd6 29. Kd4 Bb1 30. c5+ Ke6 31. c6 bxc6 32. Nxc6 Bxc2 33. Nb4
Bb1 34. Nxa6 Kf6 35. Nc5 Kg5 36. Ne6+ Kg4 37. Ke3 h4 38. gxh4 Kxh4 39. Nd4 Kh3
40. Nxf5 Kxh2 1/2-1/2

[Event "European Rapid 2022"]
[Site "Katowice POL"]
[Date "2022.12.17"]
[Round "6.90"]
[White "Ternault, Mathieu"]
[Black "Dzhuguryan, Tygran"]
[Result "1-0"]
[WhiteTitle "FM"]
[WhiteElo "2351"]
[BlackElo "2134"]
[WhiteFideId "20641532"]
[BlackFideId "21872988"]
[EventDate "2022.12.17"]

1. d4 Nf6 2. Nf3 e6 3. Bg5 d5 4. Nbd2 Be7 5. e3 O-O 6. Bd3 Nbd7 7. c3 c5 8. h4
Qc7 9. Ne5 Bd6 10. f4 b6 11. Bxf6 Nxf6 12. g4 Bb7 13. Qf3 Nd7 14. g5 f5 15. gxf6
Nxf6 16. Ng4 cxd4 17. cxd4 Bb4 18. Nxf6+ Rxf6 19. a3 Bxd2+ 20. Kxd2 e5 21. Rac1
Qe7 22. dxe5 Qxe5 23. fxe5 Rxf3 24. Rc7 Bc8 25. Rg1 Rf7 26. Bxh7+ Kf8 27. Rgc1 1-0

[Event "European Rapid 2022"]
[Site "Katowice POL"]
[Date "2022.12.17"]
[Round "6.91"]
[White "Bazilius, Augustinas"]
[Black "Maier, Christian"]
[Result "1/2-1/2"]
[BlackTitle "IM"]
[WhiteElo "2118"]
[BlackElo "2315"]
[WhiteFideId "12832251"]
[BlackFideId "4601955"]
[EventDate "2022.12.17"]

1. d4 Nf6 2. c4 g6 3. Nf3 Bg7 4. g3 O-O 5. Bg2 d6 6. O-O Nbd7 7. Nc3 e5 8. e4
exd4 9. Nxd4 Re8 10. h3 Nc5 11. Re1 a5 12. b3 Nfd7 13. Bb2 Ne5 14. Re3 Bd7 15.
f4 Nc6 16. Nd5 Ne7 17. Qd2 c6 18. Nxe7+ Qxe7 19. Rae1 Qf8 20. Nf3 1/2-1/2

[Event "European Rapid 2022"]
[Site "Katowice POL"]
[Date "2022.12.17"]
[Round "6.92"]
[White "Dragicevic, Drazen"]
[Black "Sanz Losada, Victoriano"]
[Result "1-0"]
[WhiteTitle "FM"]
[BlackTitle "CM"]
[WhiteElo "2345"]
[BlackElo "2110"]
[WhiteFideId "1707922"]
[BlackFideId "2202808"]
[EventDate "2022.12.17"]

1. Nf3 Nf6 2. g3 d5 3. Bg2 Bf5 4. O-O h6 5. c4 e6 6. Qb3 b6 7. d4 c6 8. Nc3 Bd6
9. a4 Nbd7 10. a5 O-O 11. Bf4 Bxf4 12. gxf4 Ne4 13. e3 Ndf6 14. h3 Rb8 15. a6
Rc8 16. Rfd1 Qe7 17. Rac1 dxc4 18. Qxc4 c5 19. Nb5 cxd4 20. Qxc8 Rxc8 21. Rxc8+
Kh7 22. Nfxd4 Qb4 23. b3 Nd5 24. Rc4 Qe7 25. Nxf5 exf5 26. Rxd5 Nc5 27. Rxf5 Qd7
28. Nd4 Nxa6 29. Rd5 Qe7 30. Nc6 Qa3 31. Rd7 f5 32. Ne5 Nc5 33. Rd8 Qxb3 34. Bd5
Qb1+ 35. Kg2 g5 36. Ra8 Qa1 37. Rc8 Kg7 38. Rc7+ Kf8 39. Rf7+ Ke8 40. Bc6+ Kd8
41. Rd4+ Kc8 42. Bd7+ Kb7 43. Bb5+ Kc8 44. Nc6 1-0

[Event "European Rapid 2022"]
[Site "Katowice POL"]
[Date "2022.12.17"]
[Round "6.93"]
[White "Czarnecka, Lidia"]
[Black "Kokol, Peter"]
[Result "1-0"]
[WhiteTitle "WCM"]
[BlackTitle "FM"]
[WhiteElo "2018"]
[BlackElo "2347"]
[WhiteFideId "21807531"]
[BlackFideId "14604523"]
[EventDate "2022.12.17"]

1. e4 c6 2. d4 d5 3. Nc3 dxe4 4. Nxe4 Nf6 5. Nxf6+ exf6 6. Be3 Qb6 7. Qc1 Bd6 8.
Bd3 O-O 9. Ne2 Re8 10. O-O Nd7 11. c4 Qc7 12. h3 Nf8 13. Qc2 Ng6 14. Nc3 Qd7 15.
Rfe1 Bc7 16. Ne2 f5 17. Qd2 Qd8 18. Nf4 a5 19. Nxg6 hxg6 20. Bf4 Be6 21. Bxc7
Qxc7 22. Qc3 Red8 23. Rad1 Qb6 24. Bf1 Rd7 25. Rd2 Rad8 26. Red1 f4 27. Be2 Bf5
28. Bf3 g5 29. b3 Re7 30. d5 c5 31. Re2 Rxe2 32. Bxe2 Qc7 33. Bd3 Bc8 34. Bf1 b6
35. Re1 Kf8 36. Qd3 Re8 37. Rxe8+ Kxe8 38. d6 Qd8 39. Be2 Qf6 40. Qe4+ Qe6 41.
Qc6+ Kf8 42. Bf3 g6 43. Kh2 f5 44. Qxb6 g4 45. Qxc5 Kg7 46. Qd4+ Kh7 47. Bc6 Qe1
48. Qxf4 Qe6 49. Bd5 Qf6 50. c5 g5 51. Qe3 Kh6 52. Qe7 Qd4 53. Qf8+ Kg6 54. Bf7+
Kf6 55. Bc4+ Kg6 56. Qxc8 Qf4+ 57. Kg1 gxh3 58. Qe6+ Kh5 59. gxh3 g4 60. Qf7+
Kg5 61. d7 Qc1+ 62. Bf1 1-0

[Event "European Rapid 2022"]
[Site "Katowice POL"]
[Date "2022.12.17"]
[Round "6.94"]
[White "Wyss, Jonas"]
[Black "Cieslak, Patryk"]
[Result "1/2-1/2"]
[WhiteTitle "FM"]
[WhiteElo "2222"]
[BlackElo "2094"]
[WhiteFideId "1311387"]
[BlackFideId "21078882"]
[EventDate "2022.12.17"]

1. e4 c5 2. Nf3 d6 3. Bb5+ Bd7 4. Bxd7+ Qxd7 5. c4 Nf6 6. Nc3 g6 7. d4 cxd4 8.
Nxd4 Bg7 9. f3 O-O 10. Be3 Rc8 11. b3 Nc6 12. O-O a6 13. Qd2 Nxd4 14. Bxd4 b5
15. cxb5 axb5 16. a4 bxa4 17. bxa4 Rc4 18. Qd3 Qc6 19. Ra3 Nd7 20. Nd5 Bxd4+ 21.
Qxd4 Rxd4 22. Nxe7+ Kg7 23. Nxc6 Rdxa4 24. Rxa4 Rxa4 25. Rd1 Ne5 26. Ne7 Ra6 27.
Nd5 h5 28. Nc7 Rc6 29. Ne8+ Kf8 30. Nxd6 Ke7 31. Nb5 h4 32. h3 Rc5 33. Nd4 Rc8
34. Ne2 Rc2 35. Nf4 Ra2 36. Nd5+ Ke6 37. Ne3 Ra3 38. Ng4 Nxg4 39. hxg4 g5 40.
Rd2 Ra1+ 41. Kf2 Ra3 42. Rb2 f6 43. Rb1 Ra2+ 44. Kg1 Ke5 45. Kh2 Rc2 46. Rb5+
Ke6 47. Kh3 Rf2 48. Rf5 Rf1 49. g3 hxg3 50. Kxg3 Re1 51. Ra5 Rb1 52. Rf5 Rb3 53.
Kf2 Rb2+ 54. Ke3 Rb3+ 55. Kd4 Ra3 56. Kc4 Re3 57. Kd4 Ra3 58. e5 fxe5+ 59. Rxe5+
Kf6 60. Re3 Ra4+ 61. Kd3 Ra3+ 62. Ke2 Ra2+ 63. Kf1 Rb2 64. Re2 Rxe2 65. Kxe2 Ke6
66. Ke3 Ke5 67. Kd3 Kd5 68. Ke3 Ke5 69. f4+ gxf4+ 70. Kf3 Kf6 71. Kxf4 Kg6 72.
g5 Kg7 73. Kf5 Kf7 74. g6+ Kg7 75. Kg5 Kg8 76. Kf6 Kf8 77. g7+ Kg8 78. Kg6 1/2-1/2

[Event "European Rapid 2022"]
[Site "Katowice POL"]
[Date "2022.12.17"]
[Round "6.95"]
[White "Zawadzka, Jolanta"]
[Black "Posluszny, Tomasz"]
[Result "1-0"]
[WhiteTitle "WGM"]
[WhiteElo "2386"]
[BlackElo "1934"]
[WhiteFideId "1122320"]
[BlackFideId "1187724"]
[EventDate "2022.12.17"]

1. e4 e5 2. Nf3 Nc6 3. d4 exd4 4. Nxd4 Nf6 5. Nxc6 bxc6 6. Bd3 d5 7. Nc3 Bc5 8.
O-O O-O 9. Bg5 h6 10. Bh4 Be7 11. Re1 Re8 12. exd5 cxd5 13. Bxf6 Bxf6 14. Nxd5
Rxe1+ 15. Qxe1 Bxb2 16. Qe4 f5 17. Ne7+ Kh8 18. Qxa8 Bxa1 19. Qxc8 Qxc8 20. Nxc8 1-0

[Event "European Rapid 2022"]
[Site "Katowice POL"]
[Date "2022.12.17"]
[Round "6.96"]
[White "Tisaj, Domen"]
[Black "Mihelic, Vesna"]
[Result "1-0"]
[WhiteTitle "FM"]
[BlackTitle "WCM"]
[WhiteElo "2396"]
[BlackElo "2040"]
[WhiteFideId "14628708"]
[BlackFideId "14625520"]
[EventDate "2022.12.17"]

1. d4 d5 2. Nf3 Nf6 3. c4 e6 4. Nc3 Be7 5. Bg5 h6 6. Bxf6 Bxf6 7. e3 O-O 8. Rc1
b6 9. cxd5 exd5 10. Be2 Be6 11. O-O c5 12. dxc5 bxc5 13. Na4 Nd7 14. Nxc5 Nxc5
15. Rxc5 Bxb2 16. Nd4 Rc8 17. Nxe6 fxe6 18. Rb5 Bf6 19. Qb1 Rb8 20. Bg4 Kf7 21.
Rc1 Rxb5 22. Qxb5 Re8 23. Rc6 Re7 24. Qa6 Qb8 25. g3 Qb1+ 26. Kg2 Qe4+ 27. Bf3
Qe5 28. Rc8 d4 29. exd4 Qxd4 30. Qb5 Qd7 31. Qb8 e5 32. Rf8+ Kg6 33. Qb1+ 1-0

[Event "European Rapid 2022"]
[Site "Katowice POL"]
[Date "2022.12.17"]
[Round "6.97"]
[White "Radecki, Adam"]
[Black "Marn, Jan"]
[Result "0-1"]
[BlackTitle "FM"]
[WhiteElo "2012"]
[BlackElo "2332"]
[WhiteFideId "1197347"]
[BlackFideId "14619245"]
[EventDate "2022.12.17"]

1. e4 e5 2. Nf3 Nc6 3. Bc4 Bc5 4. c3 Nf6 5. d3 d6 6. Bb3 h6 7. Nbd2 Bb6 8. h3
Be6 9. Nf1 d5 10. Qe2 dxe4 11. dxe4 Bxb3 12. axb3 Nh5 13. b4 Qf6 14. N1h2 O-O
15. b5 Na5 16. Ng4 Qe6 17. Nfxe5 Nb3 18. Nxh6+ gxh6 19. Qxh5 f5 20. Bxh6 Qxe5
21. Qg6+ Kh8 22. Bxf8 Rxf8 23. Qh6+ Kg8 24. Qg6+ Kh8 25. Qh6+ Kg8 26. Qg6+ Qg7
27. Qxg7+ Kxg7 28. Rd1 fxe4 29. O-O Nc5 30. Rd4 Nd3 31. Rd7+ Kg6 32. Kh2 Nxf2
33. Re1 e3 34. b4 Rf7 35. Rd5 Rf5 36. Rd7 Rxb5 37. Re7 Kf6 38. R7xe3 Bxe3 39.
Rxe3 Re5 40. Rf3+ Rf5 41. Re3 c6 42. g4 Nd1 43. Rd3 Rd5 44. Rf3+ Kg6 45. h4 Re5
46. Rd3 Re2+ 47. Kh1 Nf2+ 0-1

[Event "European Rapid 2022"]
[Site "Katowice POL"]
[Date "2022.12.17"]
[Round "6.98"]
[White "Bettazzi, Daniele"]
[Black "Paszewski, Mateusz"]
[Result "0-1"]
[BlackTitle "FM"]
[WhiteElo "2003"]
[BlackElo "2282"]
[WhiteFideId "886815"]
[BlackFideId "1141058"]
[EventDate "2022.12.17"]

1. b3 e5 2. Bb2 Nc6 3. e3 Nf6 4. Nf3 e4 5. Ne5 Nxe5 6. Bxe5 d5 7. c4 dxc4 8.
Bxc4 Bd6 9. Bxd6 Qxd6 10. d4 exd3 11. Qxd3 Qe5 12. Qc3 Qg5 13. Rg1 O-O 14. Nd2
a5 15. Nf3 Qh5 16. Qe5 Bg4 17. Qxh5 Bxh5 18. Ke2 Ne4 19. g4 Bg6 20. Ne5 Nd6 21.
f4 Nxc4 22. Nxc4 Be4 23. Rad1 Rfd8 24. Ne5 b6 25. Nf3 h6 26. Rd4 Rxd4 27. Nxd4
Rd8 28. Rc1 c5 29. Nf5 Kf8 30. Ng3 Bb7 31. e4 Ba6+ 32. Kf2 Rd2+ 33. Kf3 g6 34.
h4 Rxa2 35. f5 Ra3 36. Rd1 Rxb3+ 37. Kf4 g5+ 38. hxg5 hxg5+ 39. Kxg5 Rxg3 40.
Kf6 Ke8 41. g5 Bd3 42. Rh1 Bxe4 43. Rh8+ Kd7 44. Rb8 Kc7 45. Rf8 Bd5 0-1